Name the 'Name' Brands Quiz Stats

 Plays Quiz Updated Jun 8, 2015

Challenge
Share
Tweet
Embed
Score 0/20 Timer 05:00
1 Play Today
Clue 'Name' Brand % Correct
This animator, filmmaker, and entrepreneur gave his name to an entire world in OrlandoWalt Disney World
98.8%
This auto company's founder is credited with creating the assembly lineFord Motor Company
97.9%
This tractor brand's founder was a blacksmith who began by making shovels and pitchforksJohn Deere
84.9%
This company's founders chose 31 ice cream flavors to have one for every day of the monthBaskin Robbins
79.1%
While Alvah Roebuck's name is still in this retailer's official title, you rarely see it anymoreSears Roebuck and Co.
67.7%
Before putting his name on candy bars and this company, he opened a Philly candy shop that failedThe Hershey Company
61.9%
This company's 'King' is popularly (and erroneously) known as the inventor of the safety razorGillette
53.5%
Founder Michael began this computer hardware company in his Univ. of Texas dorm roomDell Computer
52.9%
This cosmetics giant, known for pink Cadillacs, puts its founder's first and middle names on productsMary Kay, Inc.
52.7%
This spirits company is named after the inventor of 'white' rumBacardi
48%
Clue 'Name' Brand % Correct
This mail-order clothier goes by the initials and surname of an avid fisherman and hunter L.L. Bean
46%
This restaurant, known for coffee and doughnuts, is named after its pro hockey-playing founderTim Horton's
45%
This aerospace and defense firm takes the name of the aviation pioneer who formed it in 1915Boeing
44.2%
This guitar maker, known for its Les Paul model, goes by the last name of its founderGibson
42.4%
President Carter's brother lent his name to this Falls City Brewing productBilly Beer
31%
In 1847, this company's namesake launched what would become Canada's largest beer companyLabatt Brewing Co.
28.4%
Helen Schelle, who helped found this toy maker, might not be pleased it's named for two menFisher-Price
13.9%
This popular discount broker was called First Commander before taking its founder's nameCharles Schwab
12.3%
Founder Max originally started this department store chain as a supermarket in WisconsinKohl's
9.7%
This global pharmaceutical giant still uses the full name of the chemist who started it in 1876Eli Lilly and Company
9.3%

You're not logged in!

Compare scores with friends on all Sporcle quizzes.
Join for Free
OR
Log In

You Might Also Like...

Show Comments

Extras

Top Quizzes Today


Score Distribution

Your Account Isn't Verified!

In order to create a playlist on Sporcle, you need to verify the email address you used during registration. Go to your Sporcle Settings to finish the process.

Report this User

Report this user for behavior that violates our Community Guidelines.

Details: